| 000 | 00846nam a2200253 a 4500 | ||
|---|---|---|---|
| 001 | 5885 | ||
| 003 | CDMR | ||
| 005 | 20151026133602.0 | ||
| 008 | 130220s2008||||sp |||||||||||||||||eng|d | ||
| 020 | _a9788439378662 | ||
| 040 |
_aCDMR _bcat _cCDMR |
||
| 245 | 0 | 0 |
_aCommunication and Cultural Policies in Europe _cIsabel Fernández Alonso, Miquel Moragas i Spà (editors) |
| 260 |
_aBarcelona _bGeneralitat de Catalunya _c2008 |
||
| 300 |
_a318 p ; _c20 cm |
||
| 490 | 0 |
_aLexikon. Anglès _v4 |
|
| 650 | 0 | 4 |
_94395 _aPluralisme cultural |
| 650 | 0 | 4 |
_91243 _aComunicació _xInnovacions tecnològiques |
| 650 | 0 | 4 |
_94408 _aEuropa _xPolítica de la comunicació |
| 650 | 0 | 4 |
_94412 _aPolítica cultural |
| 650 | 0 | 4 |
_94256 _aUnió Europea |
| 700 | 1 |
_92331 _aFernández Alonso, Isabel _eed. |
|
| 700 | 1 |
_9475 _aMoragas Spà, Miquel de _eed. |
|
| 942 |
_cMON _2udc |
||
| 999 |
_c5885 _d5885 |
||